000 00794nam a2200241Ia 4500
003 GCL
008 140319s9999 xx 000 0 ara d
020 _a7300299953
040 _aGCL /
_cGCL
082 0 4 _a618.97
_bك ح
100 1 _aكريجان، ادوارد
245 1 0 _aحول الشيخوخة المعافاة /
_cكريجان، ادوارد
700 1 _aزينة ادريس
250 _aالاولى
260 _aبيروت :
_bالدار العربية للعلوم ،
_c2002
300 _a248 ص ؛
_c24 سم
490 _aمايو كلينيك
_v0
650 0 4 _aالشيخوخة
650 0 4 _aالشيخوخة - الجوانب النفسية
650 0 4 _aالشيخوخة - رعاية اجتماعية
650 0 4 _aالشيخوخة ـ أمراض
942 _2ddc
_cBK
999 _c8047
_d8047